[Event "77th LOTTO POL-ch 2020"]
[Site "Warsaw"]
[Date "2020.07.22"]
[Round "1.3"]
[White "Bartel, Mateusz"]
[Black "Teclaf, Pawel"]
[Result "0-1"]
[WhiteElo "2615"]
[BlackElo "2360"]
[Annotator "TA"]
[PlyCount "122"]
[EventDate "2020.07.21"]
[EventType "k.o."]
[EventCountry "POL"]
[SourceTitle "playchess.com"]
[Source "ChessBase"]
[SourceQuality "1"]

{[%evp 9,122,-42,-18,-4,-10,0,0,0,0,-8,0,0,0,0,62,63,106,104,56,52,86,71,76,77,94,89,79,-24,-29,-43,-37,-61,-41,-76,-75,-72,-68,-152,-123,-120,-123,-123,-127,-241,-236,-354,-304,-304,-295,-293,-302,-293,-285,-324,-308,-312,-306,-306,-287,-346,-351,-345,-326,-346,-338,-356,-354,-335,-324,-344,-334,-331,-291,-373,-358,-396,-394,-408,-402,-405,-397,-383,-358,-519,-519,-686,-418,-1077,-680,-587,-302,-306,-275,-565,-558,-800,-779,-975,-888,-12837,-12832,-3420,-6300,-6620,-7204,-29987,-29978,-12845,-12845,-12845,-12844,-12846,-12845,-29991,-29992]} 1. c4 Nf6 2. Nc3 c5 3. g3 e6 4. Bg2 d5 5. b3 Be7 6. Nf3 {A34: Symmetrical English: 2 Nc3, lines with ...d5.} d4 7. Na4 $1 Nc6 {[#]} 8. Ba3 $146 {The position is equal.} ({Predecessor:} 8. Nb2 O-O 9. Nd3 Bd6 10. O-O e5 11. Ng5 Bf5 12. e4 Bg6 13. f3 h6 14. Nh3 {0-1 (41) Karwen,W (1498)-Horch,H (1697) Binz 2013}) 8... Nd7 9. e3 e5 10. O-O O-O 11. exd4 e4 (11... exd4 $11 12. d3 Rb8) 12. Ne5 $1 $14 {[%cal Re5d7]} cxd4 13. Nxc6 bxc6 14. Bb2 Nf6 {[#]} 15. d3 $1 {[%cal Rd3e4]} Bg4 16. Qd2 exd3 17. Qxd3 c5 18. Rfe1 (18. Bxa8 $16 Qxa8 19. Rfe1 (19. f3 Bd7 $14)) 18... Rc8 $11 19. Ba3 Bd6 20. Qd2 Nd7 21. f4 Nf6 22. Nb2 Bf5 23. h3 (23. Bb7 $15) 23... Nh5 24. Qf2 Qa5 25. Na4 Bd7 26. Bf3 (26. Nxc5 $17 Bxc5 27. Bxc5 Rxc5 28. Qxd4) 26... Nf6 $19 ({Don't do} 26... Bxa4 27. Bxh5 Bd7 28. Bc1) 27. Bd1 (27. Bxc5 $142 Bxc5 28. Nxc5 Qxc5 29. Re5) 27... Bxh3 28. Bc1 Bf5 29. Bd2 Qc7 30. Bf3 Rfe8 31. Rxe8+ Rxe8 32. Re1 Rxe1+ 33. Qxe1 h5 34. Nb2 {[#]} h4 $1 {[%mdl 512]} 35. g4 (35. gxh4 Bxf4) 35... Bxg4 36. Bxg4 Nxg4 37. Qxh4 Bxf4 {...f5 is the strong threat.} 38. Qxg4 Bxd2 39. Nd3 g6 40. Kg2 Be3 41. Qe4 Qa5 42. Qe8+ Kg7 {Threatens to win with ...Qd2+.} 43. Qe5+ Kh7 {Hoping for ...Qd2+.} 44. Qh2+ {[#]} Bh6 $1 45. Kf3 Qd8 46. Qe5 (46. Ke2 $142) 46... Qh4 47. Kg2 Qg4+ 48. Kh2 (48. Qg3 $142 Qe2+ {[%mdl 64] Double Attack} 49. Nf2) 48... Qf3 49. Qg3 Qxg3+ 50. Kxg3 {[%mdl 4096] Endgame KB-KN} Bf8 51. Kf3 $2 (51. b4) 51... f5 52. a3 a5 53. Ne5 g5 54. Nc6 g4+ 55. Ke2 Bd6 56. Nxa5 f4 57. Nb7 f3+ 58. Kf2 d3 59. Ke3 g3 {( -> ...g2)} 60. Nxd6 g2 61. Kf2 d2 {Accuracy: White = 43%, Black = 89%.} 0-1

[Event "77th LOTTO POL-ch 2020"]
[Site "Warsaw"]
[Date "2020.07.22"]
[Round "1.3"]
[White "Pakleza, Zbigniew"]
[Black "Piorun, Kacper"]
[Result "0-1"]
[WhiteElo "2555"]
[BlackElo "2539"]
[Annotator "TA"]
[PlyCount "102"]
[EventDate "2020.07.21"]
[EventType "k.o."]
[EventCountry "POL"]
[SourceTitle "playchess.com"]
[Source "ChessBase"]
[SourceQuality "1"]

{[%evp 9,101,-6,2,0,0,0,-7,12,13,0,18,15,43,0,0,0,0,-46,-34,-32,-15,-56,-21,-60,-65,-64,-68,-61,-61,-70,-63,-63,-78,-69,0,-179,-179,-178,-178,-175,-169,-177,-177,-190,-190,-190,-190,-220,-208,-236,-209,-269,-237,-237,-230,-203,-193,-220,-201,-195,-206,-273,-289,-293,-279,-390,-374,-424,-368,-416,-422,-411,-398,-533,-535,-597,-603,-656,-625,-640,-639,-729,-760,-757,-706,-781,-789,-29961,-2885,-1082,-866,-826,-545,-29999]} 1. Nf3 Nf6 2. c4 e6 3. Nc3 d5 4. e3 Bd6 5. d4 O-O 6. Be2 {A17: English Opening: 1...Nf6 with ...Bb4.} dxc4 7. Bxc4 c5 8. O-O {The position is equal.} cxd4 9. exd4 Nc6 10. Qe2 Nd5 11. Ne4 Be7 12. Rd1 b6 {[#]} 13. Bg5 $146 ({Predecessor:} 13. a3 Bb7 14. Neg5 Na5 15. Bd3 g6 16. Bc2 Rc8 17. h4 Qc7 18. Ne1 Nf4 19. Bxf4 Qxf4 20. b4 {0-1 (47) Kursova,M (2351)-Bronnikova,E (2245) Belgrade 2013}) 13... Bb7 14. Rac1 Rc8 15. a3 h6 {[%cal Re7g5]} 16. Bxe7 Ncxe7 17. g3 Nf5 18. Ba6 Qe7 19. Rxc8 Rxc8 20. Bxb7 Qxb7 21. Ne5 Nde3 ({Black should play} 21... Qc7 $15 22. Nf3 g5) 22. fxe3 $2 {[#] Black keeps a firm grip on the game.} (22. Qf3 $1 $11 Nd5 23. Nc3) 22... Qxe4 $19 23. Qf3 Qxf3 24. Nxf3 Nxe3 {[%mdl 4096] Endgame KRN-KRN} 25. Re1 Nd5 26. Re2 a5 27. Kf2 Kf8 28. Ne5 Ke7 29. Rd2 f6 30. Ng4 Kd6 31. Ke2 Rc1 32. Nf2 Kc6 33. Kf3 h5 34. Re2 Kd7 35. h3 g5 36. Rd2 Re1 37. Rd3 Kc6 38. Rd2 Re3+ 39. Kg2 h4 40. gxh4 gxh4 41. Kh2 Nf4 42. Rc2+ Kd5 43. Rc8 Kxd4 44. Rd8+ Nd5 45. Rh8 Re2 46. Kg1 Ke3 47. Ng4+ Kf3 48. Rxh4 Kg3 (48... f5 $142 49. Rh7 fxg4 50. hxg4 Rxb2 51. Rh3+ Kxg4 52. Rh7 Ra2 53. Kf1 Rxa3 54. Ke2 b5 55. Kd2 a4 56. Kc2 Ra2+ 57. Kd3 a3 58. Rg7+ Kf5 59. Rf7+ Ke5 60. Rf1 b4 61. Re1+ Kd6 62. Rh1 Rb2 63. Rh8 a2 64. Ra8 Rb3+ 65. Ke2 Ra3 66. Rxa3 bxa3 67. Kf2 a1=Q 68. Kf3 a2 69. Kf2 Qb2+ 70. Kf3 a1=Q 71. Kg3 Qg1+ 72. Kh4 Qh8#) 49. Kf1 Nf4 50. Rh8 Rxb2 {[%cal Rb2b1] [#]} 51. Nxf6 Rb1# {Accuracy: White = 48%, Black = 81%.} 0-1

[Event "77th LOTTO POL-ch 2020"]
[Site "Warsaw"]
[Date "2020.07.22"]
[Round "1.3"]
[White "Gajewski, Grzegorz"]
[Black "Janik, Igor"]
[Result "1-0"]
[WhiteElo "2515"]
[BlackElo "2531"]
[Annotator "TA"]
[PlyCount "107"]
[EventDate "2020.07.21"]
[EventType "k.o."]
[EventCountry "POL"]
[SourceTitle "playchess.com"]
[Source "ChessBase"]
[SourceQuality "1"]

{[%evp 17,107,20,28,22,18,15,27,31,10,11,45,38,31,17,40,0,0,0,0,0,0,0,22,33,38,41,114,103,118,112,109,120,150,67,64,56,63,66,56,56,75,59,106,91,133,67,67,65,61,61,70,70,78,72,97,88,364,364,430,379,364,364,429,416,429,424,388,388,997,993,939,932,1240,1170,1041,577,952,935,936,825,6099,6075,29985,2567,5654,5208,5061,2381,4133,3260,29979,29980]} 1. d4 d5 2. Nf3 Nf6 3. c4 dxc4 4. e3 e6 5. Bxc4 a6 6. O-O b5 7. Bd3 Bb7 8. a4 b4 9. Qe2 c5 10. Nbd2 {[%cal Bb1d2,Bd2c4,Bc4e5][%mdl 32] D28: Queen's Gambit Accepted: Classical main line: 7 Qe2 with early ...Nc6.} Be7 11. Nc4 O-O 12. a5 {White has an edge.} Nbd7 13. Rd1 Qb8 14. Bd2 Rd8 15. Rac1 {[#]} Bc6 $146 ({Predecessor:} 15... cxd4 16. exd4 Bd5 17. Nfe5 Nxe5 18. dxe5 Nd7 19. Bf4 Qb7 20. Qg4 Nc5 21. Nd6 Bxd6 22. exd6 Rac8 23. Rxc5 Rxc5 24. Qh4 {1-0 (24) Tukmakov,V (2565)-Speelman,J (2600) Tilburg 1994}) 16. Nce5 Ba4 17. Re1 {And now b3 would win.} Nxe5 18. Nxe5 Be8 19. Nc4 cxd4 20. Nb6 Ra7 21. exd4 Qb7 (21... Nd5 $14) 22. Bf4 $16 Bc6 {[#]} 23. Be5 $1 Nd7 24. Nxd7 Rxd7 25. Bxh7+ (25. Qg4 $16 {[%csl Ge5][%cal Rg4g7]} Bf8 26. Qh4) 25... Kxh7 $14 26. Qc2+ {[%mdl 64] Double Attack} Kg8 27. Qxc6 Qxc6 28. Rxc6 Rd5 29. Bc7 b3 30. Bb6 Ra8 31. Re3 ({Better is} 31. Kf1 $16) 31... Bb4 $1 32. Rxb3 Bxa5 {With the idea ...Rb8.} 33. Bc5 e5 34. g3 exd4 {[#] ...d3 is the strong threat.} 35. Rd3 $36 {[%mdl 2048] Black is under strong pressure.} Rad8 36. b4 Rxc5 $4 {[%mdl 8192] Loses the game.} (36... Rb8 $16) 37. bxc5 $16 {[%mdl 4096] Endgame KRR-KRB} Rd5 38. Rd6 Rxc5 39. R3xd4 ({Don't play} 39. R6xd4 Bb6 $18) 39... Rc1+ 40. Kg2 Be1 41. Rxa6 Rc2 42. Rf4 Bd2 $2 (42... Rc7 43. Rfa4 Rc2) 43. Ra8+ $18 Kh7 44. Rxf7 Be3 45. h4 Bd4 46. Rf4 Be5 47. Rf5 Bd4 48. h5 Rb2 49. g4 {White threatens g5 and mate.} g6 50. hxg6+ (50. Rf7+ $142 Kh6 51. Rg8 Rb6 52. f4 Be5 53. fxe5 Rc6 54. Rxg6+ Rxg6 55. hxg6) 50... Kxg6 51. Ra6+ Kg7 52. Kg3 Rb3+ 53. f3 Rb1 54. Rd5 {Accuracy: White = 78%, Black = 42%.} 1-0

[Event "77th LOTTO POL-ch 2020"]
[Site "Warsaw"]
[Date "2020.07.21"]
[Round "1.3"]
[White "Gumularz, Szymon"]
[Black "Tomczak, Jacek"]
[Result "0-1"]
[WhiteElo "2513"]
[BlackElo "2605"]
[Annotator "TA"]
[PlyCount "52"]
[EventDate "2020.07.21"]
[EventType "k.o."]
[EventCountry "POL"]
[SourceTitle "playchess.com"]
[Source "ChessBase"]
[SourceQuality "1"]

{[%evp 9,52,0,5,5,9,9,11,0,0,0,0,-3,0,0,0,0,-1,-12,7,-9,-23,-28,-39,-46,-37,-47,-50,-59,-61,-70,-69,-247,-246,-393,-394,-418,-394,-510,-497,-497,-79,-405,-387,-923,-905]} 1. c4 e5 2. Nc3 Nf6 3. Nf3 Nc6 4. e4 Bb4 5. d3 d6 6. a3 {A28: English Opening: Four Knights Variation.} Bc5 7. b4 Bb6 8. Na4 {The position is equal.} Bd4 9. Nxd4 {9.Rb1 gains popularity. Played by Ian Nepomniachtchi in May 2020.} Nxd4 10. Nc3 a5 11. b5 {[#]} a4 $5 $146 {[%mdl 8] New and interesting.} ({Predecessor:} 11... O-O 12. Be2 c6 13. O-O cxb5 14. Nxb5 Nxb5 15. cxb5 a4 16. Bb2 Be6 17. f3 Nh5 {0-1 (38) Najer,E (2635)-Giri,A (2780) Khanty-Mansiysk 2019}) 12. Nxa4 c6 {aiming for ...Qa5+.} 13. Nc3 $1 d5 (13... Nd7 {seems wilder.} 14. Be2 Nc5 15. O-O O-O 16. a4 f5) 14. bxc6 dxc4 15. dxc4 bxc6 16. Bd3 Nd7 {[%mdl 1024] Black has compensation.} 17. O-O Nc5 {Strongly threatening ...Ndb3.} 18. Rb1 O-O 19. a4 Qa5 $1 {[%csl LRa4,LRc3]} 20. Ba3 $2 (20. Ne2 $1 $15) 20... Nxd3 $19 21. Bxf8 (21. Qxd3 {was forced.} Qxc3 {[%mdl 64] Remove Defender, Deflection, Decoy} 22. Qxc3 Ne2+ {[%mdl 64] Double Attack} 23. Kh1 Nxc3 24. Rbc1 Nxe4 25. f3) 21... Qxc3 22. Bd6 Be6 23. Qh5 Nf4 24. Qxe5 {If only White now had time for Kh1....} Nde2+ 25. Kh1 {[#] White wants to play Qxc3.} Bh3 $1 {[%csl Gf4][%cal Rh3g2][%mdl 512]} 26. Rg1 $2 {[#]} (26. Qxf4 Nxf4 27. Bxf4) (26. gxh3 Qf3#) 26... Nd3 $1 {[%mdl 576] Double Attack. Accuracy: White = 67%, Black = 91%.} 0-1

[Event "77th LOTTO POL-ch 2020"]
[Site "Warsaw"]
[Date "2020.07.21"]
[Round "1.4"]
[White "Socko, Bartosz"]
[Black "Sadzikowski, Daniel"]
[Result "1/2-1/2"]
[WhiteElo "2609"]
[BlackElo "2507"]
[Annotator "TA"]
[PlyCount "99"]
[EventDate "2020.07.21"]
[EventType "k.o."]
[EventCountry "POL"]
[SourceTitle "playchess.com"]
[Source "ChessBase"]
[SourceQuality "1"]

{[%evp 17,99,0,0,0,13,0,-3,0,-3,-34,-25,-25,-31,-25,-14,-6,-12,0,-11,-12,9,-8,-4,-5,-7,-8,-4,-5,0,0,7,0,0,0,0,0,0,-3,-7,-9,-2,-8,-8,-12,0,0,0,0,0,0,0,0,0,0,0,0,0,0,0,0,0,0,0,0,0,0,0,0,0,0,0,0,0,0,0,0,0,0,0,0,0,0,0,0]} 1. d4 Nf6 2. c4 e6 3. g3 d5 4. Bg2 Be7 5. Nf3 O-O 6. O-O Nbd7 7. Qc2 c6 8. Nbd2 b6 {[%cal Bb7b6,Bb6b5][%mdl 32]} 9. Rd1 Bb7 10. b3 {E06: Closed Catalan: Early deviations.} c5 11. e3 Rc8 12. Bb2 b5 {[#]} 13. Ne5 $146 ({Predecessor:} 13. dxc5 Bxc5 14. Qb1 Qb6 15. b4 Be7 16. c5 Qc7 17. Nd4 a6 18. a4 bxa4 19. Rxa4 {½-½ (66) Muse,M (2510)-Kalka,A (2378) Germany 2001}) 13... cxd4 14. exd4 Nxe5 15. dxe5 Nd7 16. Qb1 {The position is equal.} bxc4 17. bxc4 Nb6 18. Bd4 Qc7 19. Bxb6 axb6 20. cxd5 exd5 21. Qb2 Bc5 22. Nb3 Rfd8 23. Rd3 Ba8 24. Rad1 {[%cal Rg2d5]} d4 25. f4 Bxg2 26. Qxg2 Ra8 27. Kh1 {[%cal Rb3d4]} Ra4 28. R1d2 g6 29. Qe4 Qa7 30. e6 {[%cal Rb3d4]} Qa8 (30... f5 {with more complications.} 31. e7 Bxe7 32. Qe6+ Kg7 33. Nxd4 Qb7+) 31. Qxa8 Rdxa8 32. Nxd4 Bxd4 33. exf7+ Kxf7 {[#] And now ...Bc5 would win.} 34. Rxd4 Rxd4 35. Rxd4 Rxa2 $11 {[%mdl 4096] Endgame KR-KR} 36. Rb4 Ra6 37. Kg2 Ke6 38. Kf3 Kd5 39. Rb1 Kc5 40. Rc1+ Kd6 41. Rd1+ Ke6 42. Rb1 Kd5 43. Kg4 h6 44. f5 gxf5+ 45. Kxf5 Kc4 46. Rc1+ Kd5 47. Rd1+ Kc5 48. Rc1+ Kd5 49. Rb1 Kc4 50. Rc1+ {Not much happened in this game. Accuracy: White = 97%, Black = 100%.} 1/2-1/2

[Event "77th LOTTO POL-ch 2020"]
[Site "Warsaw"]
[Date "2020.07.22"]
[Round "1.4"]
[White "Piorun, Kacper"]
[Black "Pakleza, Zbigniew"]
[Result "1-0"]
[WhiteElo "2539"]
[BlackElo "2555"]
[Annotator "TA"]
[PlyCount "65"]
[EventDate "2020.07.21"]
[EventType "k.o."]
[EventCountry "POL"]
[SourceTitle "playchess.com"]
[Source "ChessBase"]
[SourceQuality "1"]

{[%evp 9,65,47,47,44,47,40,48,39,61,42,55,51,70,53,70,60,101,89,98,106,103,70,77,64,72,69,106,92,106,91,433,302,305,236,458,440,620,614,684,545,537,522,542,546,545,433,447,0,394,343,575,566,550,500,941,918,29976,29974]} 1. e4 d6 2. d4 Nf6 3. Nc3 c6 4. h3 b5 5. Bd3 e5 6. Nf3 {B07: Pirc Defence: Miscellaneous Systems.} Nbd7 7. O-O Be7 8. Ne2 {White is slightly better.} O-O {[#]} 9. Ng3 $146 ({Predecessor:} 9. c3 Bb7 10. Ng3 Re8 11. a4 a6 12. Re1 Bf8 13. Nf5 d5 14. dxe5 dxe4 15. exf6 Nxf6 {½-½ (31) Muench,I (2185)-Solonar,S (2310) Weilburg 1996}) 9... Re8 10. c3 Bf8 11. a4 bxa4 12. Qxa4 Qb6 13. Be3 {[#] dxe5 is the strong threat.} Qc7 14. Qa5 $36 {[%mdl 2048] White is in control.} Qb7 15. dxe5 Nxe5 16. Nxe5 Rxe5 17. Qa4 {Black is now going downhill.} c5 18. Bf4 Bd7 19. Qa6 Qxb2 $2 {[%mdl 8192]} (19... Qxa6 $16 20. Rxa6 Ree8) 20. Bxe5 dxe5 21. Bc4 Be8 $2 (21... Bc8 22. Qa5 Qb7) 22. Rab1 $18 Qxc3 (22... Qc2 $142 23. Rfc1 Qa4 24. Bxf7+ Kh8 25. Qxa4 Bxa4) 23. Rfd1 h5 24. Qb7 h4 25. Nf5 {[%cal Bg3f5,Bf5e3,Be3d5][%mdl 32] [#] Threatens to win with Ne3.} (25. Qxa8 hxg3 26. Rbc1 gxf2+ 27. Kxf2 Qa3 $18) 25... Qxc4 26. Qxa8 Kh7 27. Rb8 Qa4 28. Rbb1 $2 (28. Rbd8 $18) 28... c4 $2 {[%mdl 8192]} (28... Qc4 $1 $11 29. Nxh4 Qxe4 30. Qxe4+ Nxe4) 29. Ra1 Qc2 $2 (29... Qb5 {was necessary.} 30. Rdb1 Qc6) 30. Ne3 Qe2 31. Re1 Qd3 (31... Qd2 $142 32. Qc8 Qd7 33. Qxc4 Qd4) 32. Nd5 Nxe4 33. Rxe4 {[%mdl 64] Double Attack. Accuracy: White = 81%, Black = 38%.} 1-0

[Event "77th LOTTO POL-ch 2020"]
[Site "Warsaw"]
[Date "2020.07.22"]
[Round "1.4"]
[White "Janik, Igor"]
[Black "Gajewski, Grzegorz"]
[Result "1/2-1/2"]
[WhiteElo "2531"]
[BlackElo "2515"]
[Annotator "TA"]
[PlyCount "114"]
[EventDate "2020.07.21"]
[EventType "k.o."]
[EventCountry "POL"]
[SourceTitle "playchess.com"]
[Source "ChessBase"]
[SourceQuality "1"]

{[%evp 9,114,4,6,15,6,6,0,0,7,0,0,0,0,0,17,12,63,-11,0,-9,-15,-14,-17,-26,8,0,12,8,43,33,33,40,29,18,42,39,35,14,8,-52,-52,-52,-60,-52,51,51,51,51,52,52,55,49,54,52,50,49,50,56,109,53,91,52,64,55,111,91,157,142,128,130,164,147,142,0,0,6,3,9,15,0,0,7,8,0,77,9,12,0,0,0,0,0,0,0,0,0,0,0,0,-9,0,0,-9,-25,0,0,12847]} 1. c4 e6 2. Nf3 d5 3. g3 Nf6 4. Bg2 dxc4 5. Qa4+ Bd7 6. Qxc4 {A13: English Opening: 1...e6.} c5 7. Ne5 Qc8 8. O-O Nc6 9. Nxd7 Qxd7 10. Nc3 Be7 11. d3 O-O 12. Bg5 b6 (12... Rfc8 $11) 13. b4 (13. d4 $1 $14) 13... Rac8 $11 {[#]} 14. bxc5 $146 ({Predecessor:} 14. Bxc6 Rxc6 15. b5 Rd6 16. Be3 Rc8 17. Qb3 Ng4 18. Rad1 h5 19. Bc1 Rd4 20. a3 {0-1 (49) Reizniece Ozola,D (2283)-Schmidt Schaeffer,S (2373) Germany 2018}) 14... Nd4 15. c6 Nxc6 {[#] Strongly threatening ...Nd4.} 16. Qa4 h6 (16... Rfd8 $5 {[%cal Rc6d4]} 17. Be3 Nd4 18. Qxd4 Qxd4 19. Bxd4 Rxd4 $11) 17. Bxf6 Bxf6 18. Rac1 Nb8 19. Qxd7 Nxd7 20. Nb5 $1 a6 21. Nd6 Rxc1 22. Rxc1 Nc5 23. Nc4 Na4 24. e3 ({White should try} 24. Rc2 $11) 24... Rc8 $1 $15 25. Bb7 Rc7 $1 {[%cal Rc7b7]} 26. Bxa6 Nc5 (26... Ra7 $1 $15 27. Bc8 Nc3) 27. Bb5 $14 Nxd3 28. Rb1 Ne5 29. Nxb6 Rb7 30. Nc8 Nf3+ 31. Kg2 Nd2 32. Rd1 {And now Nd6 would win.} Rxb5 33. Rxd2 {[%mdl 4096] Endgame KRB-KRN} g6 (33... Ra5 $14) 34. Nd6 ({Better is} 34. a4 $16 Rc5 35. Nd6) 34... Rb4 35. Kf3 Be5 36. Ne4 Kg7 (36... Rc4 $14) 37. Rd7 $16 Rc4 (37... g5 $142) 38. Ra7 g5 {With the idea ...g4+!} 39. h3 Kg6 40. g4 f5 {[#]} 41. gxf5+ (41. Ng3 $1 $16) 41... exf5 $11 42. Ra6+ Kg7 43. Nd2 Rc2 44. Nb3 h5 45. Ra5 g4+ 46. hxg4 hxg4+ 47. Kg2 Kf6 48. Nc5 {Threatens to win with Nd7+.} Bd6 49. Ra6 Ke7 50. Nd3 g3 51. Kf3 Rd2 52. Ra7+ Kf6 (52... Ke6 $5 53. Nf4+ $8 Bxf4 54. exf4 gxf2 $11) 53. Ra6 Rxd3 54. fxg3 Ke5 {Hoping for ...Bc5.} 55. Ra5+ Ke6 {Threatening ...Rc3.} 56. Ra6 Ra3 57. Rxa3 Ke5 $2 {[%mdl 40960] Accuracy: White = 87%, Black = 74%. . An unexpected result.} (57... Bxa3 $11 58. e4 Kf7) 1/2-1/2

[Event "77th LOTTO POL-ch 2020"]
[Site "Warsaw"]
[Date "2020.07.22"]
[Round "1.4"]
[White "Teclaf, Pawel"]
[Black "Bartel, Mateusz"]
[Result "1/2-1/2"]
[WhiteElo "2360"]
[BlackElo "2615"]
[Annotator "TA"]
[PlyCount "100"]
[EventDate "2020.07.21"]
[EventType "k.o."]
[EventCountry "POL"]
[SourceTitle "playchess.com"]
[Source "ChessBase"]
[SourceQuality "1"]

{[%evp 9,100,15,12,9,10,8,11,16,19,0,3,-15,-8,-18,0,-43,-40,-64,-52,-50,-40,-36,-27,-88,-81,-88,-87,-80,-89,-139,-73,-80,-78,-72,-53,-63,-62,-66,-41,-95,-25,-36,-37,-47,0,0,0,0,0,0,0,0,0,0,0,0,0,0,0,0,3,11,4,0,3,0,0,0,197,193,283,91,106,58,225,130,119,116,130,9,49,49,49,49,49,49,58,58,62,65,65,65,47]} 1. e4 e5 2. Nf3 Nc6 3. Bc4 Bc5 4. Nc3 d6 5. Na4 Qf6 6. Nxc5 {C50: Hungarian Defence and Giuoco Pianissimo.} dxc5 {[#]} 7. d3 $146 ({Predecessor:} 7. c3 Be6 8. Qb3 Bxc4 9. Qxc4 b6 10. O-O Nge7 11. b4 cxb4 12. cxb4 Rc8 13. Bb2 {½-½ (30) Bonade,M (2097)-Passerotti,P (2231) Biella 2017}) 7... h6 8. Be3 {The position is equal.} b6 9. h3 Nge7 10. Qe2 Be6 11. Nd2 Bxc4 12. dxc4 Nd4 $36 {[%mdl 2048] Black fights for an advantage.} 13. Qd1 Qg6 14. O-O Rd8 15. c3 O-O 16. Nb1 (16. b4 $11) 16... Ne6 $17 17. Qg4 Rd3 18. Qxg6 Nxg6 19. Nd2 Rfd8 (19... Nh4 $142 20. Nb3 Rfd8) 20. Nf3 f6 21. Rfc1 Kf7 22. Kf1 Ngf4 23. h4 g5 24. g3 (24. hxg5 $15 hxg5 25. g3) 24... Ng6 (24... g4 $17 25. Ng1 R3d7) 25. hxg5 hxg5 26. Ke2 R3d6 (26... Nef4+ {is more complex.} 27. Kf1 a5 28. Re1 a4 29. a3 Ne7) 27. Rh1 Rh8 28. Rxh8 Nxh8 29. Rh1 Kg7 30. Nh2 Nf7 31. Ng4 Rd8 32. f3 Nd6 33. b3 Nf8 34. Bc1 Ng6 35. Ne3 Ne7 36. Bd2 Kg6 37. Ng4 {Hoping for Rh6+.} Nf7 38. f4 Nd6 $2 (38... exf4 $11 {and Black is okay.} 39. gxf4 Nc8) 39. Rh6+ $18 Kg7 (39... Kf7 {was called for.}) 40. fxg5 $2 (40. fxe5 $18 {and the rest is easy.} Ng8 41. exf6+ (41. exd6 Nxh6 42. dxc7 Rc8 $17) 41... Nxf6 42. Rxf6 Nxe4 43. Rc6 (43. Bxg5 Nxg5 44. Rc6 Re8+ 45. Ne3 Ne6 $16) 43... Nxd2 44. Rxc7+ {[%mdl 64] Double Attack} Kg6 45. Rc6+ (45. Rxa7 Ne4 $16) 45... Kg7 46. Nf6) 40... f5 $16 41. Re6 Ng6 $2 {[#]} (41... Nxe4 $14 42. Rxe7+ {[%mdl 64] Double Attack} Kf8 43. Rxc7 (43. Rxe5 Rxd2+ 44. Ke3 fxg4 $14) 43... Rxd2+ 44. Ke3 Rd1) 42. Nxe5 ({Better is} 42. Rxd6 $1 $18 {[%mdl 512]} cxd6 43. exf5) 42... Nxe5 43. Rxe5 Nxe4 $18 {[%mdl 4160] Endgame [#] Double Attack. KRB-KRN} 44. Be1 ({White should play} 44. Bf4 $1 $16) 44... Nxg5 45. Rxf5 {White is slightly better.} Re8+ 46. Kd1 Kg6 47. Rf4 Rh8 48. Bd2 Rh1+ 49. Kc2 {Strongly threatening Rg4.} Ne6 50. Rf2 Rg1 {Blacks defense is rewarded with a draw. Accuracy: White = 73%, Black = 73%.} 1/2-1/2

[Event "77th LOTTO POL-ch 2020"]
[Site "Warsaw"]
[Date "2020.07.21"]
[Round "1.5"]
[White "Piorun, Kacper"]
[Black "Pakleza, Zbigniew"]
[Result "1-0"]
[WhiteElo "2601"]
[BlackElo "2500"]
[Annotator "TA"]
[PlyCount "115"]
[EventDate "2020.07.21"]
[EventType "k.o."]
[EventCountry "POL"]
[SourceTitle "playchess.com"]
[Source "ChessBase"]
[SourceQuality "1"]

{[%evp 19,115,-31,-26,-14,-15,-23,-12,-30,-30,-30,-29,-37,-36,-42,-31,-57,-35,-32,-21,-29,-29,-41,-29,-39,-31,-40,-29,-31,-8,-12,-6,-8,0,-21,-6,-6,-8,-15,-7,-27,0,-7,0,-10,0,0,0,0,0,0,0,0,0,-13,12,-7,34,27,75,86,104,54,95,54,66,75,307,309,285,304,417,417,387,423,530,530,492,517,518,508,653,685,737,675,683,643,659,641,600,573,961,925,938,885,928,899,1310,1283]} 1. e4 e6 2. d4 d5 3. e5 c5 4. c3 Nc6 5. Nf3 Qb6 6. a3 c4 7. Nbd2 Na5 8. g3 Bd7 9. Bg2 h6 10. O-O Ne7 11. Rb1 {C02: French: Advance Variation.} Qc7 12. Re1 Nc8 13. h4 {The position is equal.} Nb6 14. Nf1 Be7 15. N1h2 O-O-O {[#]} 16. Bh3 $146 ({Predecessor:} 16. Ng4 Rdg8 17. Bf4 Kb8 18. Qe2 Ka8 19. Nd2 Ba4 20. Nf1 Qd8 21. Nfh2 Qf8 22. Bf3 {0-1 (41) Low,Z (1997)-Gong,Q (2349) Yangon 2014}) 16... Kb8 17. Rf1 a6 18. Qe2 Ka7 19. Kg2 Rde8 20. h5 Bd8 21. Bf4 Ba4 22. Rbe1 Nc6 {[%cal Ba5c6,Bc6e7,Be7f5][%mdl 32]} 23. Qd2 Ne7 24. Rh1 Reg8 25. Ng4 Nf5 26. Qe2 Qc6 27. Kg1 Qb5 28. Bg2 Qb3 29. Rc1 Bd7 30. Qd2 Ba4 (30... Qa2 {seems wilder.} 31. Kh2 Na4 32. Rc2 Qb3 33. Rb1 Be7) 31. Ne3 Nxe3 32. Bxe3 Qb5 33. Bf1 Nc8 34. Be2 Ne7 35. Nh4 Nc6 36. b4 Be7 37. Ng2 a5 38. g4 axb4 39. axb4 Kb6 40. Rb1 Kc7 41. Rh3 Ra8 42. f4 f5 $2 {[#] Black cannot hold the game after this.} (42... Na5 $16 {is a better defense.}) 43. gxf5 $18 exf5 44. Bf2 Na5 45. Ne3 Nb3 46. Qe1 Rhf8 {White is clearly winning.} 47. Bf3 Rad8 48. Rg3 Kb8 49. Bg2 Rf7 50. Rg6 Bf8 51. e6 Rc7 52. Nxf5 Bxb4 53. cxb4 c3 {intending ...c2.} 54. e7 Rh8 {...c2 would now be nice for Black.} 55. Nd6 Qxb4 56. e8=Q+ {[%mdl 64] [#] Promotion} Bxe8 57. Nxe8 c2 58. Nxc7 {Accuracy: White = 93%, Black = 68%.} ({Inferior is} 58. Qxb4 cxb1=Q+ 59. Bf1 Rxe8 $11) 1-0